| 000 -LEADER |
| fixed length control field |
00721cam a2200217Ia 4500 |
| 020 ## - INTERNATIONAL STANDARD BOOK NUMBER |
| ISBN |
9780309592413 |
| 020 ## - INTERNATIONAL STANDARD BOOK NUMBER |
| ISBN |
0309592410 |
| 020 ## - INTERNATIONAL STANDARD BOOK NUMBER |
| ISBN |
0585037825 |
| 020 ## - INTERNATIONAL STANDARD BOOK NUMBER |
| ISBN |
9780585037820 |
| 040 ## - CATALOGING SOURCE |
| Transcribing agency |
N$T |
| 082 ## - DEWEY DECIMAL CLASSIFICATION NUMBER |
| Classification number |
636 NAT 1996 A090 Or. |
| 245 00 - TITLE STATEMENT |
| Title |
Nutrient requirements of beef cattle / |
| 250 ## - EDITION STATEMENT |
| Edition statement |
7th rev. ed |
| 260 ## - PUBLICATION, DISTRIBUTION, ETC. (IMPRINT) |
| Place of publication |
Washington, D.C. : |
| Name of publisher |
National Academy Press, |
| Year of publication |
1996 |
| 300 ## - PHYSICAL DESCRIPTION |
| Number of Pages |
1 online resource (xiv, 242 pages) : |
| Other physical details |
illustrations |
| 490 1# - SERIES STATEMENT |
| Series statement |
Nutrient requirements of domestic animals |
| 650 #0 - SUBJECT ADDED ENTRY--TOPICAL TERM |
| Topical Term |
Beef cattle |
| 710 2# - ADDED ENTRY--CORPORATE NAME |
| Corporate name or jurisdiction name as entry element |
National Research Council (U.S.). |
| 856 40 - ELECTRONIC LOCATION AND ACCESS |
| Uniform Resource Identifier |
https://www.nap.edu/catalog/9791/nutrient-requirements-of-beef-cattle-seventh-revised-edition-update-2000 |
| 942 ## - ADDED ENTRY ELEMENTS (KOHA) |
| Koha item type |
សៀវភៅភាសាអង់គ្លេស |
| 952 ## - LOCATION AND ITEM INFORMATION (KOHA) |
| Withdrawn status [LOCAL, KOHA] |
0 |